Creative experiences for young children /

Bibliographic Details
Main Author: Chenfeld, Mimi Brodsky
Format: Book
Language:English
Published: Portsmouth, N.H. : Heinemann, [2002]
Edition:3rd ed.
Subjects:

MARC

Tag First Indicator Second Indicator Subfields
LEADER 00000pam a2200000 a 4500
001 in00001723213
005 20151024202443.0
008 020814s2002 nhua b 000 0 eng
010 |a  2002032811 
020 |a 032500367X (alk. paper) 
035 |a (OCoLC)ocm50424379 
040 |a DLC  |c DLC  |d UtOrBLW 
049 |a TXAM 
050 0 0 |a LB1140.35.C74  |b C48 2002 
082 0 0 |a 372.5  |2 21 
100 1 |a Chenfeld, Mimi Brodsky. 
245 1 0 |a Creative experiences for young children /  |c Mimi Brodsky Chenfeld ; foreword by Jane Wiechel. 
250 |a 3rd ed. 
264 1 |a Portsmouth, N.H. :  |b Heinemann,  |c [2002] 
264 4 |c ©2002 
300 |a xxx, 252 pages :  |b illustrations ;  |c 24 cm. 
336 |a text  |b txt  |2 rdacontent 
337 |a unmediated  |b n  |2 rdamedia 
338 |a volume  |b nc  |2 rdacarrier 
504 |a Includes bibliographical references. 
650 0 |a Creative activities and seat work. 
650 0 |a Education, Preschool  |x Curricula. 
650 0 |a Education, Primary  |x Curricula. 
650 0 |a Active learning. 
650 0 |a Education, Preschool  |x Activity programs. 
650 0 |a Education, Primary  |x Activity programs. 
945 |i PromptCat 
948 |a cataloged  |b h  |c 2003/2/17  |d c  |e dmitchel  |f 9:50:20 am 
994 |a 92  |b TXA 
999 |a MARS 
999 f f |s f431657e-fd18-3ea0-836c-8c2020209153  |i ae5ccd72-54ad-36e5-adee-ba9f16323d81  |t 0 
952 f f |p normal  |a Texas A&M University  |b College Station  |c Sterling C. Evans Library  |d Evans: Library Stacks  |t 0  |e LB1140.35.C74 C48 2002  |h Library of Congress classification  |i unmediated -- volume  |m A14829849761 
998 f f |a LB1140.35.C74 C48 2002  |t 0  |l Evans: Library Stacks